Загрузка...

Black Marsden: a tabula rasa comedy.

Библиографические подробности
Главный автор: Harris, Wilson
Формат: Printed Book
Язык:English
Опубликовано: London, Faber, 1972.
Предметы:
LEADER 00726cam a2200229 4500
008 730502s1972 enk 000 1 eng
010 |a  73154357  
015 |a B72-26770 
020 |a 0571101046 
082 0 0 |a 813 
100 1 |a Harris, Wilson. 
245 1 0 |a Black Marsden:  |b a tabula rasa comedy. 
260 |a London,  |b Faber,  |c 1972. 
300 |a 111 p.  |c 21 cm. 
350 |a £1.80 
650 0 |a Devil  |x Fiction. 
651 0 |a Scotland  |x Fiction. 
655 7 |a Humorous stories.  |2 gsafd 
906 |a 7  |b cbc  |c orignew  |d 3  |e ncip  |f 19  |g y-gencatlg 
942 |c BK 
999 |c 199190  |d 199190 
952 |0 0  |1 0  |4 0  |6 813_540000000000000_HAR_B  |7 0  |9 220415  |a ENG  |b ENG  |c ST1  |d 2013-07-11  |i 11081  |l 0  |o 813.54 HAR/B  |p ENG11081  |r 2013-07-11  |w 2018-08-21  |y BK